• 首页
  • 本馆介绍
  • 公告通知
  • 最新文献
  • 馆藏检索
  • 电子资源
  • 读者荐购
  • 参考咨询
  • CALIS
  • 我的图书馆
  • 登录
  • 详细信息显示
  • 放入我的书架
  • 预约/预借图书
  • 作者相关作品
  • 分类相关作品
  • 丛书相关作品
  • 出版社相关作品

书目信息

  • 表格格式
  • 工作单格式
  • 卡片格式
题名:
一级注册消防工程师考点习题一本通
    
 
作者: 白杨 , 朴大 , 刘标 主编
分册:   消防安全技术实务
出版信息: 北京   清华大学出版社  2021.01
页数: 120页
开本: 29cm
丛书名:
单 册:
中图分类: TU998.1-44
科图分类:
主题词: 消防--xiao fang--安全技术--资格考试--习题集
电子资源:
ISBN: 978-7-302-55853-8
 
 
 
 
 
000 01126nam 2200289 450
001 012000045320
005 20211025120158.0
010    @a978-7-302-55853-8@dCNY42.00
100    @a20210222d2021 em y0chiy50 ea
101 0  @achi
102    @aCN@b110000
105    @ay a 000yy
106    @ar
200 1  @a一级注册消防工程师考点习题一本通@Ayi ji zhu ce xiao fang gong cheng shi kao dian xi ti yi ben ting@i消防安全技术实务@f白杨, 朴大, 刘标主编
210    @a北京@c清华大学出版社@d2021.01
215    @a120页@d29cm
320    @a有书目
330    @a本书共分五篇: 消防基础知识 ; 建筑防火 ; 建筑消防设施 ; 其他建筑场所防火 ; 消防安全评估。主要内容包括: 燃烧、火灾、爆炸、易燃易爆危险品、生产和储存物品的火灾危险性、总平面布局和平面布置等。
333    @a一级注册消防工程师资格考试辅导用书
517 1  @a消防安全技术实务@Axiao fang an quan ji shu shi wu
606 0  @a消防@Axiao fang@x安全技术@x资格考试@j习题集
690    @aTU998.1-44@v5
701  0 @a白杨@Abai yang@4主编
701  0 @a朴大@Apu da@4主编
701  0 @a刘标@Aliu biao@4主编
801  0 @aCN@c20210909
905    @a河南城建学院图书馆@dTU998.1-44@eB152
    
    一级注册消防工程师考点习题一本通.消防安全技术实务/白杨, 朴大, 刘标主编.-北京:清华大学出版社,2021.01
    120页;29cm
    使用对象:一级注册消防工程师资格考试辅导用书
    
    ISBN 978-7-302-55853-8:CNY42.00
    本书共分五篇: 消防基础知识 ; 建筑防火 ; 建筑消防设施 ; 其他建筑场所防火 ; 消防安全评估。主要内容包括: 燃烧、火灾、爆炸、易燃易爆危险品、生产和储存物品的火灾危险性、总平面布局和平面布置等。
●
相关链接 在E读中查询图书 在当当中查询图书 在豆瓣中查询图书


正题名:一级注册消防工程师考点习题一本通     索取号:TU998.1-44/B152         预约/预借

序号 登录号 条形码 馆藏地/架位号 状态 备注
1 1545180   215451801   建筑库201/201建筑库 141排1列5层/ [索取号:TU998.1-44/B152] 在馆    
河南城建学院图书馆 欢迎您!
大连网信软件有限公司© 版权所有